Least Populous US Capitals Minefield Quiz Stats

Quiz Updated Oct 11, 2017

Challenge
Share
Tweet
Embed
Score 0/26 Timer 10:00
1 Play Today
Rank Capital % Correct
45???
66.6%
50???
56.6%
49???
54.5%
46???
53.5%
36???
51.6%
48???
51.5%
35???
51.3%
42???
46.6%
44???
40.9%
37???
38.9%
26???
37.7%
40???
34.8%
41???
33%
Rank Capital % Correct
47???
31.8%
38???
27.2%
39???
26.1%
34???
25.9%
28???
25.8%
43???
25.7%
30???
23.1%
31???
21.5%
32???
20.6%
29???
18.3%
33???
18.3%
27???
17.7%
*MINE*???
6.4%

You're not logged in!

Compare scores with friends on all Sporcle quizzes.
Sign Up with Email
OR
Log In

You Might Also Like...

Show Comments

Extras

Top Quizzes Today


Score Distribution

Your Account Isn't Verified!

In order to create a playlist on Sporcle, you need to verify the email address you used during registration. Go to your Sporcle Settings to finish the process.